[Event "Velka cena Tabora"]
[Site "?"]
[Date "2018.07.30"]
[Round "2.19"]
[White "Zilavy, Jan"]
[Black "Plasil, Vojtech"]
[Result "1-0"]
[WhiteElo "2031"]
[BlackElo "1893"]
[PlyCount "97"]
[EventDate "2018.??.??"]

1. e4 d5 2. exd5 Qxd5 3. Nc3 Qa5 4. d4 Nf6 5. Nf3 c6 6. Bc4 Bg4 7. h3 Bh5 8. g4
Bg6 9. Ne5 e6 10. Nxg6 hxg6 11. Qe2 Nd5 12. Bd2 Bb4 13. Ne4 Bxd2+ 14. Qxd2
Qxd2+ 15. Kxd2 Ke7 16. Rae1 Nd7 17. c3 N7f6 18. Nxf6 gxf6 19. h4 Nf4 20. Rh2
Rad8 21. Re4 g5 22. h5 c5 23. Ke3 cxd4+ 24. Rxd4 Rxd4 25. Kxd4 Rd8+ 26. Ke3 a6
27. a4 Kd6 28. f3 Ke7 29. Rd2 Rc8 30. Ba2 f5 31. Bb1 Nd5+ 32. Kd4 fxg4 33. fxg4
Nf6 34. Rg2 b6 35. b4 Rd8+ 36. Kc4 Nd5 37. Kb3 Ne3 38. Rg3 Nf1 39. Rd3 Rf8 40.
Kc4 f5 41. gxf5 exf5 42. Kd4 f4 43. h6 Ne3 44. h7 g4 45. Ba2 g3 46. Bg8 g2 47.
h8=Q g1=Q 48. Qe5+ Kd7 49. Ke4+ 1-0

[Event "Velka cena Tabora"]
[Site "?"]
[Date "2018.07.30"]
[Round "2.20"]
[White "Lauko, Marian"]
[Black "Brom, Jiri"]
[Result "0-1"]
[WhiteElo "1833"]
[BlackElo "2009"]
[PlyCount "74"]
[EventDate "2018.??.??"]

1. d4 c5 2. e3 e6 3. c4 Nf6 4. Nf3 cxd4 5. exd4 d5 6. c5 Nc6 7. Bd3 Be7 8. O-O
O-O 9. a3 a5 10. Re1 b6 11. cxb6 Qxb6 12. Nc3 Ba6 13. Na4 Qa7 14. h3 Rfc8 15.
Be3 Rab8 16. Rc1 Bxd3 17. Qxd3 Ne4 18. Rc2 Qb7 19. Rec1 Na7 20. Nc5 Bxc5 21.
dxc5 Nc6 22. Bf4 Qb5 23. Qe3 Rb7 24. Ng5 e5 25. Bg3 Nxg3 26. fxg3 Nd4 27. Rf2
f6 28. Nf3 Nb3 29. c6 Rbc7 30. Rd1 d4 31. Qd3 Qxd3 32. Rxd3 a4 33. Nd2 Nc5 34.
Rdf3 e4 35. b4 axb3 36. Nxb3 exf3 37. Nxc5 Rxc6 0-1

[Event "Velka cena Tabora"]
[Site "?"]
[Date "2018.07.31"]
[Round "3.1"]
[White "Vasicek, Martin"]
[Black "Dolezal, Radoslav"]
[Result "1/2-1/2"]
[WhiteElo "2098"]
[BlackElo "2368"]
[PlyCount "50"]
[EventDate "2018.??.??"]

1. e4 e5 2. Nf3 Nf6 3. Nxe5 d6 4. Nf3 Nxe4 5. Qe2 Qe7 6. d3 Nc5 7. Nc3 Bg4 8.
Nd5 Bxf3 9. gxf3 Qxe2+ 10. Bxe2 Ne6 11. Be3 c6 12. Nf4 Nxf4 13. Bxf4 Nd7 14.
O-O-O Be7 15. Rhg1 g6 16. d4 Nf6 17. c4 Kd7 18. Kc2 Rhc8 19. b4 Nh5 20. Be3 Bh4
21. Bf1 f5 22. d5 f4 23. dxc6+ Kxc6 24. Bd4 Bf6 25. Bc3 Bxc3 1/2-1/2

[Event "Velka cena Tabora"]
[Site "?"]
[Date "2018.07.31"]
[Round "3.2"]
[White "Tesar, Jan"]
[Black "Pribyl, Josef"]
[Result "1/2-1/2"]
[WhiteElo "2047"]
[BlackElo "2263"]
[PlyCount "55"]
[EventDate "2018.??.??"]

1. c4 e5 2. e3 Nf6 3. a3 Nc6 4. Qc2 g6 5. Nf3 Bg7 6. Be2 O-O 7. d3 d5 8. cxd5
Nxd5 9. O-O a5 10. Nc3 Nb6 11. Ne4 f5 12. Nc5 Qe7 13. Bd2 Kh8 14. Rac1 Rd8 15.
b4 axb4 16. axb4 Nd5 17. b5 Na7 18. Rb1 b6 19. Na4 Bd7 20. e4 Nf4 21. Bxf4 exf4
22. Qxc7 Nxb5 23. Rxb5 Rdc8 24. Qb7 Rcb8 25. Qc7 Rc8 26. Qb7 Rcb8 27. Qc7 Rc8
28. Qb7 1/2-1/2

[Event "Velka cena Tabora"]
[Site "?"]
[Date "2018.07.31"]
[Round "3.3"]
[White "Zilavy, Jan"]
[Black "Volodin, Viktor"]
[Result "1-0"]
[WhiteElo "2030"]
[BlackElo "2188"]
[PlyCount "117"]
[EventDate "2018.??.??"]

1. e4 d5 2. exd5 Qxd5 3. Nc3 Qd6 4. d4 c6 5. Nf3 Nf6 6. Bc4 Be6 7. Qe2 Bxc4 8.
Qxc4 Nbd7 9. Bg5 e6 10. O-O-O Be7 11. Rhe1 O-O 12. Ne5 Nb6 13. Qd3 Nbd5 14.
Bxf6 Nxf6 15. Re3 c5 16. Rh3 Qxd4 17. Qg3 Ne4 18. Rxd4 Nxg3 19. Rd7 Bg5+ 20.
Kb1 Bf6 21. Ng4 Nf5 22. Nxf6+ gxf6 23. Rxb7 Rfd8 24. b3 Nd6 25. Rc7 c4 26. b4
Rab8 27. a3 a5 28. Na2 axb4 29. axb4 Ne4 30. Kb2 Rdc8 31. Rxc8+ Rxc8 32. f4 c3+
33. Nxc3 Rc4 34. b5 Nc5 35. Rf3 f5 36. Na2 Kf8 37. g3 Ke7 38. Ra3 Kd6 39. Ra7
Nd7 40. Kb3 Re4 41. c4 Re2 42. Nc3 Rxh2 43. Na4 Rh1 44. Ra6+ Kc7 45. c5 Rb1+
46. Kc4 Rc1+ 47. Kb4 Rb1+ 48. Ka5 Ra1 49. Ra7+ Kc8 50. c6 Nc5 51. Kb4 Nxa4 52.
Rxa4 Rc1 53. Ra7 f6 54. Ka5 e5 55. Kb6 Kd8 56. Rxh7 e4 57. c7+ Kc8 58. Rh8+ Kd7
59. Rd8+ 1-0

[Event "Velka cena Tabora"]
[Site "?"]
[Date "2018.07.31"]
[Round "3.4"]
[White "Brom, Jiri"]
[Black "Nehyba, Matrin"]
[Result "1/2-1/2"]
[WhiteElo "2009"]
[BlackElo "2163"]
[PlyCount "66"]
[EventDate "2018.??.??"]

1. e4 c5 2. Nf3 d6 3. d4 cxd4 4. Nxd4 Nf6 5. Nc3 e5 6. Nde2 Be7 7. h3 Nc6 8. g3
Be6 9. Bg2 Qd7 10. Be3 O-O-O 11. Qd2 d5 12. exd5 Nxd5 13. Nxd5 Bxd5 14. Bxd5
Qxd5 15. Qxd5 Rxd5 16. Rd1 Rb5 17. b3 Nb4 18. O-O Rd8 19. c4 Ra5 20. Rxd8+ Bxd8
21. a4 Nc2 22. Bd2 Ra6 23. Bc3 Bf6 24. Rc1 Nd4 25. Bxd4 exd4 26. Rd1 Be5 27. f4
Bf6 28. Kf2 Rd6 29. Rd3 Kc7 30. Kf3 Kc6 31. f5 Be5 32. Ke4 f6 33. Nxd4+ Kc5
1/2-1/2

[Event "Velka cena Tabora"]
[Site "?"]
[Date "2018.07.31"]
[Round "3.5"]
[White "Chval, Zdenek"]
[Black "Nagy, Ladislav"]
[Result "1/2-1/2"]
[WhiteElo "2138"]
[BlackElo "1996"]
[PlyCount "38"]
[EventDate "2018.??.??"]

1. e4 c5 2. Nf3 e6 3. d4 cxd4 4. Nxd4 a6 5. Nc3 Qc7 6. Bd3 b5 7. O-O Bb7 8. Kh1
Nc6 9. Be3 Nf6 10. Qe2 Be7 11. f4 Nb4 12. Rac1 Rc8 13. a4 bxa4 14. e5 Nfd5 15.
Nxa4 Nxe3 16. Qxe3 Nxd3 17. cxd3 Qa5 18. Rxc8+ Bxc8 19. Nc3 O-O 1/2-1/2

[Event "Velka cena Tabora"]
[Site "?"]
[Date "2018.07.31"]
[Round "3.6"]
[White "den Boer, Lennard"]
[Black "Otradovec, Luboš"]
[Result "1-0"]
[WhiteElo "2112"]
[BlackElo "1871"]
[PlyCount "47"]
[EventDate "2018.??.??"]

1. e4 d5 2. exd5 Qxd5 3. Nc3 Qa5 4. Nf3 Nf6 5. d4 c6 6. Bd3 Bg4 7. Bf4 e6 8.
O-O Be7 9. h3 Bh5 10. Re1 Nbd7 11. a3 O-O 12. b4 Qd8 13. Qe2 Nb6 14. Rad1 Nbd5
15. Nxd5 Nxd5 16. Bd2 Bf6 17. c4 Ne7 18. Bc3 Qc7 19. g4 Bg6 20. g5 Bh5 21. gxf6
gxf6 22. Qe3 Kh8 23. d5 Rg8+ 24. Kh1 1-0

[Event "Velka cena Tabora"]
[Site "?"]
[Date "2018.07.31"]
[Round "3.7"]
[White "Kubin, Petr"]
[Black "Popelka, Oldrich"]
[Result "0-1"]
[WhiteElo "1998"]
[BlackElo "2110"]
[PlyCount "98"]
[EventDate "2018.??.??"]

1. d4 Nf6 2. c4 g6 3. Nc3 Bg7 4. e4 d6 5. Nf3 O-O 6. Be2 Bg4 7. O-O Nfd7 8. Be3
Nc6 9. Ne1 Bxe2 10. Nxe2 Na5 11. Rc1 c5 12. b3 Qc7 13. Nc3 cxd4 14. Nd5 Qd8 15.
Bxd4 Bh6 16. Be3 Bxe3 17. Nxe3 Nf6 18. Qd3 Nc6 19. Nf3 Nd7 20. Nd5 e6 21. Nc3
Nde5 22. Nxe5 dxe5 23. Rfd1 Qg5 24. Qd2 Qh4 25. Qe3 Rfd8 26. Ne2 Rxd1+ 27. Rxd1
Rd8 28. Rxd8+ Qxd8 29. Nc3 Qa5 30. h3 Nd4 31. Kh2 f6 32. Qc1 a6 33. Qb2 Qc5 34.
Nd1 g5 35. Ne3 Qb4 36. Nd1 Qe1 37. Nc3 Qf1 38. c5 Kf7 39. b4 f5 40. f3 f4 41.
b5 axb5 42. a4 h5 43. axb5 g4 44. hxg4 hxg4 45. fxg4 Qe1 46. c6 Qg3+ 47. Kh1
bxc6 48. b6 f3 49. b7 Ne2 0-1

[Event "Velka cena Tabora"]
[Site "?"]
[Date "2018.07.31"]
[Round "3.8"]
[White "Sedivy, Karel"]
[Black "Parak, Dominik"]
[Result "0-1"]
[WhiteElo "1741"]
[BlackElo "2098"]
[PlyCount "46"]
[EventDate "2018.??.??"]

1. d4 d5 2. c4 e6 3. Nf3 Nf6 4. Nc3 c6 5. e3 Bd6 6. c5 Bc7 7. Bd3 Nbd7 8. b4 e5
9. Bf5 e4 10. Bxd7+ Nxd7 11. Nd2 Qg5 12. g3 Nf6 13. f4 exf3 14. Nf1 Ne4 15.
Nxe4 dxe4 16. Kf2 Be6 17. Qc2 Bd5 18. a4 h5 19. h4 Qg4 20. b5 g5 21. bxc6 bxc6
22. Rb1 gxh4 23. Rxh4 Bxg3+ 0-1

[Event "Velka cena Tabora"]
[Site "?"]
[Date "2018.07.31"]
[Round "3.9"]
[White "Heinzel, Olaf"]
[Black "Chalupecky, Vladimir"]
[Result "1-0"]
[WhiteElo "2354"]
[BlackElo "1943"]
[PlyCount "65"]
[EventDate "2018.??.??"]

1. d4 d6 2. Bf4 Nf6 3. e3 g6 4. Be2 Bg7 5. h4 Nbd7 6. Nf3 c5 7. c3 Qb6 8. Qc2
Nh5 9. Bh2 Ndf6 10. Nbd2 Ng4 11. Bg1 cxd4 12. cxd4 Be6 13. Ng5 Rc8 14. Qd1 Nxe3
15. fxe3 Ng3 16. Nxe6 fxe6 17. Qa4+ Kf7 18. Rh3 Nxe2 19. Kxe2 Rhd8 20. Rf3+ Kg8
21. Qb3 Qa6+ 22. Qd3 Qc6 23. Bf2 e5 24. d5 Qb6 25. e4 Qxb2 26. Rb1 Qxa2 27.
Rxb7 Rc2 28. Be3 a5 29. Rxe7 Bf8 30. Rb7 Rdc8 31. Qb5 Rxd2+ 32. Bxd2 Bh6 33.
Rd3 1-0

[Event "Velka cena Tabora"]
[Site "?"]
[Date "2018.07.31"]
[Round "3.10"]
[White "Borkovec, Milan"]
[Black "Bartos, Alois"]
[Result "1-0"]
[WhiteElo "2201"]
[BlackElo "1971"]
[PlyCount "113"]
[EventDate "2018.??.??"]

1. e4 c5 2. Nf3 e6 3. d4 cxd4 4. Nxd4 Nc6 5. Nb5 d6 6. c4 a6 7. N5c3 Nf6 8. Be2
Be7 9. O-O O-O 10. Be3 b6 11. Na3 Bb7 12. Rc1 Rc8 13. f3 Nd7 14. Qd2 Nce5 15.
Rfd1 Qc7 16. f4 Ng6 17. e5 Nh4 18. exd6 Qc6 19. Bf1 Bf6 20. b4 Bxc3 21. Rxc3
Qe4 22. Qf2 Ng6 23. Nc2 Qc6 24. Qf3 Qxf3 25. gxf3 Bxf3 26. Rc1 Bb7 27. Bg2 Bxg2
28. Kxg2 Nh4+ 29. Kf2 Nf6 30. Nd4 Ne4+ 31. Ke2 Nxc3+ 32. Rxc3 Rfd8 33. c5 Nf5
34. Nxf5 exf5 35. Bd4 f6 36. Kd3 b5 37. Bf2 Kf7 38. Kd4 Rc6 39. Re3 Rcxd6+ 40.
cxd6 Rxd6+ 41. Kc3 g5 42. Rd3 Re6 43. Bc5 Re4 44. Rd7+ Kg6 45. fxg5 fxg5 46.
Rd6+ Kh5 47. Rxa6 Re2 48. a4 bxa4 49. b5 Kg4 50. b6 Re8 51. Rxa4+ Kh3 52. b7
Rb8 53. Rb4 f4 54. Bd6 Rxb7 55. Rxb7 h5 56. Rb2 f3 57. Kd3 1-0

[Event "Velka cena Tabora"]
[Site "?"]
[Date "2018.07.31"]
[Round "3.11"]
[White "Zeman, Matyas"]
[Black "Krbusik, Matyas"]
[Result "1-0"]
[WhiteElo "2181"]
[BlackElo "1902"]
[PlyCount "63"]
[EventDate "2018.??.??"]

1. e4 e5 2. Nf3 Nc6 3. d4 exd4 4. Nxd4 d6 5. Nc3 Bd7 6. Bc4 Nf6 7. O-O Be7 8.
f4 O-O 9. Nf3 a6 10. a4 Qc8 11. h3 Be6 12. Bd3 Nb4 13. f5 Nxd3 14. Qxd3 Bd7 15.
g4 Ne8 16. Nd5 Bd8 17. c4 c6 18. Nc3 Rb8 19. Bf4 b5 20. c5 b4 21. Ne2 Qb7 22.
cxd6 Rc8 23. b3 a5 24. Nd2 Bb6+ 25. Kh2 c5 26. e5 Bd8 27. Nc4 Qa6 28. Rad1 g5
29. Bc1 Ng7 30. Ng3 Re8 31. e6 fxe6 32. f6 1-0

[Event "Velka cena Tabora"]
[Site "?"]
[Date "2018.07.31"]
[Round "3.12"]
[White "Mulenko, Alexander"]
[Black "Hanak, Tomas"]
[Result "1-0"]
[WhiteElo "2109"]
[BlackElo "1876"]
[PlyCount "169"]
[EventDate "2018.??.??"]

1. Nf3 f5 2. d4 Nf6 3. g3 g6 4. b3 Bg7 5. Bb2 d5 6. Bg2 O-O 7. O-O Nbd7 8. c4
e6 9. Nbd2 c6 10. Ne5 Nxe5 11. dxe5 Ne4 12. cxd5 exd5 13. e3 Be6 14. f3 Nxd2
15. Qxd2 Qd7 16. f4 Rfd8 17. Rfd1 Bf8 18. b4 b6 19. Bc3 Rac8 20. Rac1 Qf7 21.
Bf1 Be7 22. a4 Bf8 23. Ra1 Rd7 24. a5 Rcd8 25. axb6 axb6 26. Ra6 Rb8 27. Bg2 h5
28. h4 Kh7 29. Rb1 Ra7 30. Rxa7 Qxa7 31. b5 c5 32. Ra1 Qd7 33. Qb2 Be7 34. Ra6
Kg7 35. Bf1 Kh7 36. Qa1 Rb7 37. Ra8 Kg7 38. Qa6 Kf7 39. Bg2 Kg7 40. Bf3 Kh7 41.
Bb2 Kg7 42. Kh2 Kh7 43. Kh3 Kg7 44. Bg2 Kh7 45. Ba1 Kg7 46. Bf3 Kh7 47. Re8 Ra7
48. Qxb6 Rxa1 49. Qb8 Rb1 50. b6 Kg7 51. Be2 d4 52. exd4 Bd5 53. g4 fxg4+ 54.
Kg3 cxd4 55. Bd3 Rg1+ 56. Kf2 Rg2+ 57. Kf1 Bxh4 58. e6 Rf2+ 59. Kg1 Rg2+ 60.
Kf1 Rf2+ 61. Kg1 Bxe6 62. Qe5+ Bf6 63. Qxe6 Qxe6 64. Rxe6 Rb2 65. Rd6 Kf7 66.
Bc4+ Kg7 67. Rd7+ Kh6 68. Bg8 Bg7 69. b7 h4 70. Be6 g3 71. Bh3 d3 72. Kf1 Bc3
73. Rxd3 Bf6 74. Rd7 Bc3 75. Bg2 Ba5 76. Rd5 Bc3 77. Rd3 Ba5 78. Rd1 Bc7 79.
Rd4 Rf2+ 80. Kg1 Rxf4 81. Rxf4 Bxf4 82. Bh3 Kg5 83. Kg2 Bb8 84. Kf3 Bc7 85. Bd7
1-0

[Event "Velka cena Tabora"]
[Site "?"]
[Date "2018.07.31"]
[Round "3.13"]
[White "Hercik, Josef"]
[Black "Romanov, Sergey"]
[Result "0-1"]
[WhiteElo "1871"]
[BlackElo "2102"]
[PlyCount "78"]
[EventDate "2018.??.??"]

1. d4 d5 2. Nf3 Nf6 3. c4 c6 4. Nc3 dxc4 5. a4 Bf5 6. e3 Na6 7. Bxc4 Nb4 8. O-O
e6 9. Qe2 Be7 10. e4 Bg4 11. Be3 O-O 12. Rac1 Qa5 13. h3 Bh5 14. Kh1 Rad8 15.
Rg1 c5 16. dxc5 Bxc5 17. g4 Bxe3 18. Qxe3 Bg6 19. Nh4 Qe5 20. Nxg6 hxg6 21.
Rgd1 Nc6 22. f4 Qc7 23. e5 Nd7 24. Nb5 Qb8 25. Nd6 g5 26. Nxf7 Kxf7 27. Rd6
Rfe8 28. Rf1 Nf8 29. fxg5+ Kg8 30. Rxf8+ Kxf8 31. Qf4+ Ke7 32. Rxe6+ Kd7 33.
Qf7+ Re7 34. Rd6+ Kc7 35. Rxc6+ bxc6 36. Qxe7+ Rd7 37. Qa3 Qb6 38. Qg3 Rd1+ 39.
Kg2 Rg1+ 0-1

[Event "Velka cena Tabora"]
[Site "?"]
[Date "2018.07.31"]
[Round "3.14"]
[White "Kotal, Vaclav"]
[Black "van Nieuw, Hans"]
[Result "1-0"]
[WhiteElo "2101"]
[BlackElo "1864"]
[PlyCount "45"]
[EventDate "2018.??.??"]

1. e4 e5 2. Nf3 Nf6 3. Nxe5 d6 4. Nf3 Nxe4 5. d4 d5 6. Bd3 Be7 7. O-O O-O 8.
Re1 Nf6 9. Ne5 Nbd7 10. Bg5 Re8 11. Nd2 h6 12. Bh4 Nxe5 13. Rxe5 Ng4 14. Bxe7
Rxe7 15. Rxe7 Qxe7 16. Nf3 Bd7 17. Qd2 Re8 18. Qa5 Bc6 19. Re1 Qd7 20. Rxe8+
Qxe8 21. Qxc7 g6 22. Qf4 Kg7 23. Qxg4 1-0

[Event "Velka cena Tabora"]
[Site "?"]
[Date "2018.07.31"]
[Round "3.15"]
[White "Rybin, Jan"]
[Black "Krouzel, Jaroslav"]
[Result "0-1"]
[WhiteElo "1851"]
[BlackElo "2079"]
[PlyCount "64"]
[EventDate "2018.??.??"]

1. d4 f5 2. Nf3 Nf6 3. g3 g6 4. Bg2 Bg7 5. c4 O-O 6. O-O d6 7. Nc3 Qe8 8. Re1
Qf7 9. Qb3 h6 10. Nd2 c6 11. d5 c5 12. e4 f4 13. Nf3 Nh5 14. Rf1 g5 15. g4 Bxg4
16. Qxb7 Nd7 17. h3 Bxf3 18. Bxf3 Ne5 19. Bg4 Nxg4 20. hxg4 Nf6 21. f3 h5 22.
gxh5 Nxh5 23. Qd7 Ng3 24. Re1 Qh5 25. Kg2 Rf6 26. Qh3 Qxh3+ 27. Kxh3 Rh6+ 28.
Kg2 Kf7 29. Ne2 Rah8 30. Nxg3 Rh2+ 31. Kf1 fxg3 32. Be3 Rxb2 0-1

[Event "Velka cena Tabora"]
[Site "?"]
[Date "2018.07.30"]
[Round "3.16"]
[White "Kudrlicka, Ladislav"]
[Black "Slajs, Vlastimil"]
[Result "1/2-1/2"]
[WhiteElo "2031"]
[BlackElo "1805"]
[PlyCount "50"]
[EventDate "2018.??.??"]

1. d4 c5 2. c3 cxd4 3. cxd4 d5 4. Nc3 Nf6 5. Nf3 Nc6 6. Bf4 g6 7. e3 Bg7 8. Be2
O-O 9. O-O Nh5 10. Bg5 h6 11. Bh4 g5 12. Bg3 Nxg3 13. hxg3 Bf5 14. Bd3 Bxd3 15.
Qxd3 Qd7 16. Rac1 Rac8 17. Qb5 e6 18. Na4 Nb8 19. Qb3 b6 20. Rc3 Rxc3 21. Nxc3
Rc8 22. Rc1 f5 23. Ne2 Rxc1+ 24. Nxc1 Qc7 25. Nd3 Nd7 1/2-1/2

[Event "Velka cena Tabora"]
[Site "?"]
[Date "2018.07.30"]
[Round "3.17"]
[White "Hak, David"]
[Black "Rolinek, Dominika"]
[Result "0-1"]
[WhiteElo "1886"]
[BlackElo "2004"]
[PlyCount "94"]
[EventDate "2018.??.??"]

1. e4 d6 2. d4 Nf6 3. Bd3 e5 4. d5 c6 5. c4 Be7 6. Ne2 O-O 7. Nbc3 Ne8 8. Qc2
Na6 9. a3 Nc5 10. Be3 Nxd3+ 11. Qxd3 f5 12. f3 f4 13. Bf2 Bd7 14. O-O Rf6 15.
b4 Rg6 16. Kh1 Bh4 17. g3 fxg3 18. hxg3 Bg5 19. Kg2 Qf6 20. b5 c5 21. Rh1 Nc7
22. Raf1 Rf8 23. Be3 Ne8 24. f4 exf4 25. Nxf4 Bxf4 26. Bxf4 Qe7 27. Qe3 Nf6 28.
e5 Ng4 29. Qe2 dxe5 30. Bd2 Bf5 31. Ne4 b6 32. Rf3 Bxe4 33. Qxe4 Nf6 34. Qe2 e4
35. Re3 Re8 36. Re1 h5 37. Kh1 Ng4 38. Rb3 h4 39. Bf4 hxg3 40. Bxg3 e3 41. Qd3
Qg5 42. Rb2 Ne5 43. Qxe3 Qxg3 44. Qxg3 Rxg3 45. Rbe2 Rg5 46. d6 Kf7 47. d7 Rh8+
0-1

[Event "Velka cena Tabora"]
[Site "?"]
[Date "2018.07.30"]
[Round "3.18"]
[White "Straka, Zdenek"]
[Black "Lys, Josef"]
[Result "0-1"]
[WhiteElo "1776"]
[BlackElo "2118"]
[PlyCount "60"]
[EventDate "2018.??.??"]

1. d4 Nf6 2. Bf4 c5 3. e3 Qb6 4. Nc3 cxd4 5. exd4 g6 6. Nf3 Bg7 7. Be2 O-O 8.
O-O d6 9. Qd2 Bf5 10. Rab1 Nc6 11. a3 Ne4 12. Nxe4 Bxe4 13. d5 Nd4 14. Nxd4
Qxd4 15. Qxd4 Bxd4 16. Rbd1 Bxb2 17. Rb1 Bf6 18. Rxb7 Bxd5 19. Rb5 Be4 20. c4
a6 21. Rb4 a5 22. Rb5 Rfc8 23. f3 Bc6 24. Rbb1 Bd4+ 25. Kh1 Bc5 26. Ra1 a4 27.
Rfb1 Rab8 28. Bc1 Bd4 29. Rxb8 Rxb8 30. Ra2 Rb1 0-1

[Event "Velka cena Tabora"]
[Site "?"]
[Date "2018.07.30"]
[Round "3.19"]
[White "Nejdl, Eduard"]
[Black "Valtr, Filip"]
[Result "1-0"]
[WhiteElo "2059"]
[BlackElo "1800"]
[PlyCount "47"]
[EventDate "2018.??.??"]

1. e4 e6 2. d4 d5 3. Bd3 dxe4 4. Bxe4 Nf6 5. Bf3 Nbd7 6. Be3 Be7 7. g3 O-O 8.
Ne2 e5 9. O-O c5 10. dxc5 Nxc5 11. Nbc3 Rb8 12. b4 Ne6 13. Qb1 a6 14. a4 Qc7
15. Qb3 Bd7 16. Nd5 Nxd5 17. Bxd5 Bf6 18. Rfd1 Rbc8 19. c4 g5 20. a5 h5 21.
Rac1 h4 22. Bb6 Qb8 23. Qf3 Be7 24. Bxb7 1-0

[Event "Velka cena Tabora"]
[Site "?"]
[Date "2018.07.30"]
[Round "3.20"]
[White "Svetly, Jiri"]
[Black "Nechutny, Michal"]
[Result "1-0"]
[WhiteElo "1985"]
[BlackElo "1746"]
[PlyCount "43"]
[EventDate "2018.??.??"]

1. d4 Nf6 2. c4 g6 3. Nc3 Bg7 4. e4 d6 5. Bg5 O-O 6. Qd2 Nbd7 7. f4 c5 8. d5 a6
9. Nf3 Qc7 10. Rc1 b6 11. Bd3 Bb7 12. O-O h6 13. Bh4 e6 14. Rce1 exd5 15. cxd5
Rfe8 16. Bb1 b5 17. e5 dxe5 18. d6 Qb6 19. fxe5 Ng4 20. e6 fxe6 21. Bxg6 Bxf3
22. gxf3 {Bily vyhral ve 29.tahu, zapis je dale necitelny a nesmyslny ...} 1-0

[Event "Velka cena Tabora"]
[Site "?"]
[Date "2018.07.30"]
[Round "3.21"]
[White "Cieslak, Leszek"]
[Black "Cipera, Josef"]
[Result "1/2-1/2"]
[WhiteElo "1926"]
[BlackElo "1688"]
[PlyCount "45"]
[EventDate "2018.??.??"]

1. e4 c5 2. Nf3 e6 3. d4 cxd4 4. Nxd4 a6 5. Nc3 Nc6 6. Be3 Bb4 7. Nde2 Nf6 8.
a3 Ba5 9. b4 Bc7 10. g3 Ng4 11. Qd2 Nce5 12. Nd4 Bb6 13. Bd3 Nxe3 14. fxe3 O-O
15. O-O-O Qe7 16. Na4 Ba7 17. c4 a5 18. b5 Qxa3+ 19. Nb2 Bc5 20. Nc2 Qb3 21.
Nd4 Qa3 22. Nc2 Qb3 23. Nd4 1/2-1/2

[Event "Velka cena Tabora"]
[Site "?"]
[Date "2018.07.30"]
[Round "3.22"]
[White "Vavrousek, Petr"]
[Black "Christen, Pierre"]
[Result "1-0"]
[WhiteElo "1686"]
[BlackElo "1923"]
[PlyCount "43"]
[EventDate "2018.??.??"]

1. e4 c6 2. Nc3 d5 3. Nf3 Bg4 4. h3 Bxf3 5. Qxf3 e6 6. exd5 exd5 7. d4 Bd6 8.
Bd3 Nf6 9. O-O O-O 10. Bg5 Nbd7 11. Ne2 Qc7 12. c3 Rae8 13. Ng3 h6 14. Bd2 Bxg3
15. fxg3 g5 16. Rae1 Qd6 17. Kh2 Rxe1 18. Rxe1 Re8 19. Rxe8+ Nxe8 20. h4 f6 21.
Qh5 Nf8 22. Qxe8 1-0

[Event "Velka cena Tabora"]
[Site "?"]
[Date "2018.07.30"]
[Round "3.23"]
[White "Matejka, Radek"]
[Black "Abraham, Karel"]
[Result "1-0"]
[WhiteElo "1923"]
[BlackElo "1676"]
[PlyCount "31"]
[EventDate "2018.??.??"]

1. e4 e6 2. d4 d5 3. Nd2 Nf6 4. e5 Nfd7 5. f4 c5 6. c3 Nc6 7. Ngf3 cxd4 8. cxd4
Qb6 9. Nb3 Bb4+ 10. Bd2 Bxd2+ 11. Qxd2 O-O 12. Be2 f6 13. O-O fxe5 14. fxe5
Ndxe5 15. Nxe5 Rxf1+ 16. Rxf1 1-0

[Event "Velka cena Tabora"]
[Site "?"]
[Date "2018.07.30"]
[Round "3.24"]
[White "Janousek, Petr"]
[Black "Bokowska, Katarzyna"]
[Result "1/2-1/2"]
[WhiteElo "1659"]
[BlackElo "1921"]
[PlyCount "101"]
[EventDate "2018.??.??"]

1. d4 d5 2. Nf3 Nf6 3. g3 e6 4. Bg2 Be7 5. O-O O-O 6. c4 b6 7. cxd5 exd5 8. Nc3
Bb7 9. Qc2 Nbd7 10. Rd1 c5 11. Bf4 Rc8 12. Qf5 Re8 13. Be5 cxd4 14. Bxd4 Bc5
15. e3 Bxd4 16. Nxd4 Nc5 17. Nde2 g6 18. Qf4 Nfe4 19. Nxe4 Nxe4 20. Rac1 Qf6
21. Qxf6 Nxf6 22. Nc3 Ne4 23. Bxe4 dxe4 24. Rd7 Ba6 25. Rcd1 Bd3 26. Rxa7 Red8
27. Rb7 Rd6 28. h4 Rcc6 29. Kg2 h5 30. a4 Kg7 31. Re7 Kf8 32. Re5 f6 33. Rd5
Ke7 34. Rxd6 Rxd6 35. Rc1 f5 36. b4 Kd7 37. Ra1 Rc6 38. Ra3 Kd6 39. f3 Ke5 40.
f4+ Ke6 41. Kf2 Rd6 42. Ne2 Bxe2 43. Kxe2 Kd5 44. a5 bxa5 45. bxa5 Ra6 46. Kd2
Kc4 47. Kc2 Kb5 48. Ra1 Rxa5 49. Rxa5+ Kxa5 50. Kc3 Kb5 51. Kb3 1/2-1/2

[Event "Velka cena Tabora"]
[Site "?"]
[Date "2018.07.30"]
[Round "3.25"]
[White "Hasek, Vaclav"]
[Black "Tumova, Anna"]
[Result "1-0"]
[WhiteElo "1913"]
[BlackElo "1648"]
[PlyCount "127"]
[EventDate "2018.??.??"]

1. Nf3 d5 2. d4 Nf6 3. c4 g6 4. Nc3 Bg7 5. cxd5 Nxd5 6. g3 c5 7. Bg2 Nc6 8. e3
Bg4 9. Qb3 Ndb4 10. O-O Be6 11. Qa4 O-O 12. dxc5 Bc4 13. Rd1 Qc8 14. a3 Bxc3
15. bxc3 b5 16. cxb6 axb6 17. Qxa8 Qxa8 18. cxb4 Qa4 19. Bb2 Rd8 20. Rxd8+ Nxd8
21. Bd4 b5 22. Bc5 Kf8 23. Nd4 Ne6 24. Nxe6+ Bxe6 25. Bf3 Qb3 26. Rd1 Bc4 27.
Rd8+ Kg7 28. Bxe7 h5 29. Bf8+ Kh7 30. Bc5 Bd3 31. h4 Qb1+ 32. Kh2 Qc2 33. Kg2
Qb1 34. Kh2 Qc2 35. e4 Bxe4 36. Bd4 f6 37. Bxe4 Qxe4 38. Bxf6 g5 39. hxg5 Qf3
40. Bd4 h4 41. Rh8+ Kg6 42. Rxh4 Kxg5 43. Be3+ Kg6 44. Rh6+ Kg7 45. Rb6 Qh5+
46. Kg2 Qd5+ 47. f3 Qd3 48. Bf2 Qe2 49. Ra6 Qc2 50. Ra5 Qd3 51. a4 bxa4 52.
Rxa4 Qc4 53. Ra7+ Kg6 54. Rb7 Qd5 55. Rb6+ Kf7 56. b5 Qd7 57. g4 Qc7 58. Ra6
Qe5 59. b6 Qd6 60. Ra7+ Kg6 61. b7 Qb8 62. Ra6+ Kf7 63. Rb6 Kg7 64. Bg3 1-0

[Event "Velka cena Tabora"]
[Site "?"]
[Date "2018.07.30"]
[Round "3.26"]
[White "Masek, Jan"]
[Black "Severa, Jiri"]
[Result "1-0"]
[WhiteElo "1909"]
[BlackElo "1633"]
[PlyCount "77"]
[EventDate "2018.??.??"]

1. e4 d5 2. e5 e6 3. d4 c5 4. Nf3 cxd4 5. Nxd4 Nc6 6. Nxc6 bxc6 7. Bd3 Qb6 8.
O-O g6 9. Qe2 Bg7 10. Nc3 Ne7 11. Re1 O-O 12. b3 Bb7 13. Na4 Qc7 14. Nc5 Bc8
15. Bb2 a5 16. a4 Rd8 17. Rad1 Bf8 18. g4 Kg7 19. Bd4 Ng8 20. f4 Ne7 21. Kh1
Kh8 22. h4 Bg7 23. Qf2 Rf8 24. Rd2 f6 25. exf6 Bxf6 26. Nxe6 Bxe6 27. Rxe6 Bxd4
28. Qxd4+ Kg8 29. Rf2 Qd7 30. Rfe2 Rf7 31. Qe5 Rc8 32. f5 Rg7 33. f6 Rf8 34.
fxg7 Rf1+ 35. Kg2 Rf7 36. Kg3 Qa7 37. Rxe7 Qg1+ 38. Rg2 Rxe7 39. Qxe7 1-0

[Event "Velka cena Tabora"]
[Site "?"]
[Date "2018.07.30"]
[Round "3.27"]
[White "Havluj, Zdenek"]
[Black "Svec, Vitezslav"]
[Result "1/2-1/2"]
[WhiteElo "1873"]
[BlackElo "1632"]
[PlyCount "44"]
[EventDate "2018.??.??"]

1. e4 d6 2. d4 Nf6 3. Nc3 Nbd7 4. Be3 e5 5. f3 Be7 6. Bc4 Nb6 7. Bb3 O-O 8.
Nge2 c5 9. dxe5 dxe5 10. Bd5 Nbxd5 11. Nxd5 Nxd5 12. exd5 c4 13. O-O b5 14. b3
Bb7 15. a4 a6 16. axb5 axb5 17. bxc4 bxc4 18. Rxa8 Bxa8 19. Qa1 Qxd5 20. Rb1 e4
21. Nc3 Qf5 22. Qa7 Bc6 1/2-1/2

[Event "Velka cena Tabora"]
[Site "?"]
[Date "2018.07.30"]
[Round "3.28"]
[White "Vasicek, Milan"]
[Black "Sourek, Martin"]
[Result "0-1"]
[WhiteElo "1630"]
[BlackElo "1872"]
[PlyCount "106"]
[EventDate "2018.??.??"]

1. d4 Nf6 2. c4 e6 3. Nc3 Bb4 4. Bd2 O-O 5. Nf3 b6 6. e3 Bb7 7. Bd3 Re8 8. O-O
d5 9. a3 Bf8 10. Ne5 Nbd7 11. f4 c5 12. cxd5 exd5 13. Rf3 Ne4 14. Rh3 Nxe5 15.
fxe5 Bc8 16. Nxe4 Bxh3 17. Ng3 Be6 18. Qf3 Qg5 19. Rf1 cxd4 20. Qf2 dxe3 21.
Bxe3 Qxe3 22. Qxe3 Bc5 23. Qf2 Rac8 24. b4 Bxf2+ 25. Kxf2 Rc3 26. Bb5 Rec8 27.
a4 Rb3 28. Ba6 Rc2+ 29. Kg1 Rxb4 30. Bd3 Rc7 31. Ra1 a5 32. Nf1 g6 33. Bb5 d4
34. Nd2 Bd7 35. Bxd7 Rxd7 36. Ne4 Re7 37. Nf6+ Kg7 38. Nd5 Rxe5 39. Nxb4 axb4
40. Rd1 Re4 41. Kf2 Kf6 42. h3 Ke5 43. Rc1 Kd5 44. Kf3 f5 45. g4 b3 46. Rb1 Kc4
47. h4 Kc3 48. h5 Kc2 49. Rf1 b2 50. Rf2+ Kb3 51. Rf1 Ka2 52. hxg6 hxg6 53. Rf2
Ka1 0-1